Banská Bystrica a turisztika és a sportok városa

Bibliographic Details
Main Author: Križka, Alexander, 1903-1955 (Author)
Other Authors: Dupal, L. (Photographer)
Format: Book
Language:Hungarian
Slovak
PhysicalDescription:12 nečíslovaných strán fotografie 21 x 11 cm
Published: [Bratislava] [Tvar] [1955]
Subjects:

MARC

LEADER 00000cam a2200000 a 4500
001 vtls008380896
003 SK-MaSNL
005 20260302074644.0
008 230116s1955 xo o f 000 0 hun
015 |a SNBA19451955-006036 
020 |q (brožované) 
035 |a SK01SNKBKSFS20020073113 
035 |a urn:nbn:sk:snk-am3hyar 
035 |a 920B3E4F-471A-4150-9FD9-5643558F36FC 
035 |a urn:nbn:sk:snk-am00ddb3 
035 |a SKM000075576 
040 |a SNK  |b slo  |c SNK  |e AACR2 
041 1 |a hun  |h slo 
043 |a e-xo--- 
044 |a xo  |c SK 
080 |a (437.642)  |2 2011 
080 |a 796.5  |2 2011 
080 |a 796/799  |2 2011 
080 |a (036)913  |2 2011 
080 |a (041)  |2 2011 
100 1 |a Križka, Alexander,  |d 1903-1955  |4 aut  |9 192166 
240 1 0 |a Banská Bystrica - mesto turistiky a športov  |l Maďarsky 
245 1 0 |a Banská Bystrica  |b a turisztika és a sportok városa  |c [szövek Alexander Križka ; fényképek L. Dupal ... [et al.]] 
246 3 3 |a Banská Bystrica - a turisztika és a sportok 
260 |a [Bratislava]  |b [Tvar]  |c [1955] 
300 |a 12 nečíslovaných strán  |b fotografie  |c 21 x 11 cm 
500 |a Preložené zo slovenčiny 
650 0 7 |a turistika  |2 SNKPH  |9 683 
650 0 7 |a šport  |2 SNKPH  |9 1042 
651 7 |a Banská Bystrica (Slovensko)  |2 SNKPHgeo  |9 22015 
655 7 |a turistickí sprievodcovia (publikácie)  |2 SNKPH  |9 191298 
700 1 |a Dupal, L.  |4 pht  |9 470500 
954 |a iná literatúra (príručky, kuchárske knihy, hobby literatúra, sprievodcovia) pôvodná (slovenská)  |2 lita 
958 |a RK 
958 |a TL 
958 |a OP 
958 |a OND 
958 |a EUIPO 
999 |c 1165950  |d 1167880 
952 |a SNK  |b SNK  |y PREZ  |7 0  |p 17A0774053  |o snkSC 7074  |i snk5923/55  |0 0  |1 0  |4 0  |d 2019-06-03  |f 1  |l 0  |r 2026-02-24 20:48:31  |w 2026-02-24